00436nam a2200145 a 4500008004100000020001500041050001900056100001900075245008000094260003500174300002000209350000900229650004000238650001200278120416s1981 ||||||||||||||||| || u a0060401699 aHF 5438.25 Ade aAdes, Leslie J10aIncreasing your sales potential : a practical guide to successful selling / aNew York :bHarper & Rowc1981 ax, 262p. : ill. a0.00 0aMARKETING--MANAGEMENT--CASE STUDIES 0aSELLING